00521cam a2200193 a 4500001000800000005001700008008004100025020001500066040001800081082002100099100002400120245006600144260004200210300002000252650001700272650001700289942000600306999001500312278809520240401033309.0810826s1982 enk b 001 0 eng  a0710002733 aDLCcDLCdDLC00a330.9.219bTHE.1 aDe Silva, S. B. D.,14aThe political economy of underdevelopment /cS.B.D. de Silva. aLondon ;bRoutledge & K. Paul,c1982. aviii, 1182 p. ; 0aPlantations. 0aLabor supply cL c5869d5869